| 000 | 01001cam a22002291 4500 | ||
|---|---|---|---|
| 001 | l 63000072 | ||
| 003 | DLC | ||
| 005 | 20260227111547.0 | ||
| 008 | 790119s1963 dcu f000 0 eng c | ||
| 010 | _al 63000072 | ||
| 035 | _a(OCoLC)4564114 | ||
| 040 |
_aU. S. Dept. of Labor Library _cMnStclS _dMnStclS _dOCoLC _dDLC |
||
| 050 | 0 | 0 |
_aHV3006.A4 _bF68 |
| 100 | 1 | _aFraenkel, William A. | |
| 245 | 1 | 0 |
_aGuide to job placement of the mentally retarded. _cThe President's Committee on Employment of the Handicapped in cooperation with National Association for Retarded Children and the U. S. Employment Service, Bureau of Employment Security, U. S. Dept. of Labor. |
| 260 |
_a[Washington, _bU.S. Govt. Print. Off., _c1963]. |
||
| 300 |
_aiv, 16 p. _c23 cm. |
||
| 500 | _aCover title. | ||
| 650 | 0 |
_aPeople with mental disabilities _xEmployment _zUnited States. |
|
| 710 | 1 |
_aUnited States. _bPresident's Committee on Employment of the Handicapped. |
|
| 740 | 0 | _aJob placement of the mentally retarded. | |
| 999 |
_c37117 _d37117 |
||